| 000 | 01125cam a22003255a 4500 | ||
|---|---|---|---|
| 999 |
_c153 _d153 |
||
| 003 | EG-ScBUE | ||
| 005 | 20201128013201.0 | ||
| 008 | 131215t2006 nyua f 001 0 eng d | ||
| 020 | _a0618528695 | ||
| 020 | _a9780618528691 | ||
| 040 |
_aEG-ScBUE _beng _erda _cEG-ScBUE _dEG-ScBUE |
||
| 082 | 0 | 4 |
_a428.6 _bFLE _222 |
| 100 | 1 |
_aFlemming, Laraine E, _eauthor. _941310 |
|
| 245 | 1 | 0 |
_aReading for thinking / _cLaraine E. Flemming ; Ann Marie Radaskiewicz contributing writer. |
| 250 | _aFifth edition. | ||
| 264 | 1 |
_aNew York ; _aBoston : _bHoughton Mifflin Company, _c[2006] |
|
| 264 | 4 | _cc 2006 | |
| 300 |
_axviii, 651 pages : _billustrations ; _c24 cm |
||
| 336 |
_2rdacontent _atext _btxt |
||
| 337 |
_2rdamedia _aunmediated _bn |
||
| 338 |
_2rdacarrier _avolume _bnc |
||
| 500 | _aIncludes index. | ||
| 590 | _areham | ||
| 650 | 7 |
_aCollege readers. _2BUEsh _91110 |
|
| 650 | 7 |
_aCritical thinking _vProblems, exercises, etc. _2BUEsh _934632 |
|
| 653 |
_bHHUUEENN _bGGEN _cDecember2013 _cSeptember2017 _cJuly2019 |
||
| 655 |
_vReading book _934232 |
||
| 700 | 1 |
_aRadaskiewicz, Ann Marie, _econtributor. _934631 |
|
| 942 |
_2ddc _cBB |
||